| 000 | 00000nam 2200000zi 4500 |
| 001 | 9.936865 |
| 003 | CaOODSP |
| 005 | 20241031153224 |
| 006 | m o d f |
| 007 | cr |n||||||||| |
| 008 | 240416e202308##onca ob f|0| 0 fre d |
| 040 | |aCaOODSP|bfre|erda|cCaOODSP |
| 043 | |an-cn--- |
| 086 | 1 |aT29-179/2023F-PDF |
| 245 | 00|aNotes d’orientation pour le rapport de conformité détaillé du Programme de conformité des petits bâtiments – pêche (PCPB–P). |
| 250 | |aDeuxième édition. |
| 264 | 1|a[Ottawa] : |bTransports Canada = Transport Canada, |caoût 2023. |
| 264 | 4|c©2023 |
| 300 | |a1 ressource en ligne (x, 67 pages) : |billustrations |
| 336 | |atexte|btxt|2rdacontent/fre |
| 337 | |ainformatique|bc|2rdamedia/fre |
| 338 | |aressource en ligne|bcr|2rdacarrier/fre |
| 500 | |aPublié aussi en anglais sous le titre : Small Vessel Compliance Program: fishing vessel (SVCP-F) detailed compliance report guidance notes. |
| 504 | |aComprend des références bibliographiques. |
| 650 | 6|aBateaux de pêche|xSécurité|xRèglements|zCanada. |
| 710 | 1 |aCanada. |bTransports Canada, |eorganisme de publication. |
| 775 | 08|tSmall vessel compliance program : |w(CaOODSP)9.936786 |
| 794 | |tNotes d’orientation pour le rapport de conformité détaillé du Programme de conformité des petits bâtiments – pêche (PCPB–P).|bTroisième édition|w(CaOODSP)9.938022 |
| 856 | 40|qPDF|s1.70 Mo|uhttps://publications.gc.ca/collections/collection_2024/tc/T29-179-2023-fra.pdf |
| 986 | |aTP 15356F |